Najlepsze licea warszawskie - Statystyki

Ogólne statystyki
  • Ten quiz został rozwiązany 113 razy
  • Średni wynik to 6 z 20
Statystyki odpowiedzi
miejsce nazwa % Poprawnych
6. II LO z Oddz. Dwujęz. im. Stefana Batorego
79%
1. XIV LO im. Stanisława Staszica
78%
5. IX LO im. Klementyny Hoffmanowej
59%
2,. XXVII LO im. Tadeusza Czackiego
45%
3. VIII LO im. Władysława IV
44%
4. V LO im. Księcia Józefa Poniatowskiego
41%
10. XXXIII LO Dwujęzyczne im. Mikołaja Kopernika
35%
14. XL LO z Oddz. Dwujęz. im. Stefana Żeromskiego
33%
12. VII LO im. Juliusza Słowackiego
30%
17. XLI LO im. Joachima Lelewela
27%
15. VI LO im. Tadeusza Reytana
24%
18. XXVIII LO im. Jana Kochanowskiego
24%
8. LXVII LO im. Jana Nowaka-Jeziorańskiego
22%
9. XVIII LO im. Jana Zamoyskiego
21%
13. XVII LO z Oddz. Dwujęz. im. A. F. Modrzewskiego
19%
7. 2 Społeczne LO z Oddz. Międzynar. im. P. Jasienicy STO
17%
19. CXXII LO im. Ignacego Domeyki
14%
11. LXIV LO im. Stanisława Ignacego Witkiewicza
12%
16. Społeczne LO nr 4 im. Batalionu AK "Parasol"
6%
20. "Żagle" LO Stowarzyszenia Sternik
2%
Nie znaleziono quizów pasujących do podanych kryteriów
Rozkład punktacji
Procent ludzi z każdym wynikiem
Percentyl według liczby udzielonych odpowiedzi
Twoja historia wyników
Nie rozwiązałeś tego quizu